Countries mentioned in the Wikipedia Page of Japan - Statistics

General Stats
  • This quiz has been taken 2,567 times
    2,218 since last reset
  • The average score is 11 of 14
Answer Stats
Frequency Context Country % Correct
13 Has close economic and military relations with ... United States
100%
17 Invaded ... in 1937 and entered World War II China
99%
8 The country co-hosted the 2002 FIFA World Cup with ... South Korea
97%
1 Contests ... 's control of the Southern Kuril Islands Russia
93%
2 The judicial system has been largely based on the civil law of Europe, notably ... Germany
91%
1 Recent tensions, particularly with ... North Korea
87%
1 In 2022, Japan agreed to defense agreements with ... United Kingdom
86%
3 Has strained relations with ... over the Senkaku Islands Taiwan
85%
2 Is the fourth-largest national economy in the world, after ... India
84%
2 Japan's main import markets as of 2019 were ... Australia
76%
1 Japanese forces carried out surprise attacks on British forces in ... Singapore
50%
1 In 2022, Japan agreed to defense agreements with ... Thailand
48%
1 The deployment of troops to ... marked the first overseas use of Japan's military since World War II Iraq
44%
1 The deployment of troops to ... marked the first overseas use of Japan's military since World War II Afghanistan
41%
No matching quizzes found
Score Distribution
Percent of People with Each Score
Percentile by Number Answered
Your Score History
You have not taken this quiz since the last reset